Culture Générale - Série 2472 - Statistiques

Statistiques générales
  • Ce quiz a été pris 177 fois
  • Le résultat moyen est 4 sur 10
Statistiques - réponses
Question Réponse % Correct
Par quel nom de légume désigne-t-on un mauvais film ? navet
93%
Chanteuse et danseuse japonaise qui divertit les hommes par sa conversation, sa musique et sa danse. - voir photo geisha
83%
Ce mot désigne un orignal ou un mouvement que l'on fait avant un saut élan
74%
Conseillère, inspiratrice (d'un homme politique, d'un artiste) égérie
32%
Verbe en argot signifiant "donner" "remettre" "payer" - voir expression .... ton fric! abouler
30%
Circonscription ecclésiastique placée sous la juridiction d'un évêque ou d'un archevêque diocèse
29%
Charge ou emploi où l'on est rétribué sans avoir rien (ou presque rien) à faire ; situation de tout repos. sinécure
21%
Substance, de nature indéterminée, prenant une forme plus ou moins précise, extériorisée par un médium en état de transe - 10 lettres commençant par " e " ectoplasme
15%
Quel animal est appelé "caret" ? tortue
14%
Adjectif et nom familier synonyme de mou, sans énergie - 8 lettres contenant 2 " g " gnangnan
5%
Aucun quiz correspondant
Distribution des résultats
% des personnes avec chaque résultat
Percentile par nombre de réponses
Votre historique - résultats
Vous n’avez pas pris ce quiz